000 00661na a2200253 4500
001 15475
003 MIRAKIL
005 20181213154922.0
008 161019b tu 000 0
020 _a9786058752641
035 _a15475
040 _aMilas
_btur
_cTR-AnCHP
041 _atur
082 _a814.42
_bP29k 2012
090 _a814.42 P29k 2012
100 _aPayza, Halit
245 _aKelebeğin ömrü ve ölümü
_cHalit Payza
260 _aİstanbul
_bİlkim Ozan Yayınları
_c2012
300 _a259 s.
_c22 sm.
490 _aGenel Yayın
_v5
650 _aTürkçe denemeler
650 _aTürk edebiyatı
_xDenemeler
942 _2ddc
_cBKS
999 _c3153
_d3153